| 000 | 00000nam##2200000za#4500 |
| 001 | 9.604846 |
| 003 | CaOODSP |
| 005 | 20210624211819 |
| 007 | cr ||||||||||| |
| 008 | 150406|2006||||xxc|||||o f|0| 0 fre|d |
| 040 | |aCaOODSP|bfre |
| 043 | |an-cn--- |
| 086 | 1 |aFo29-47/35-2006F-PDF |
| 110 | 1 |aCanada.|bRessources naturelles Canada. |bService canadien des forêts. |
| 245 | 10|aMéthode d'évaluation des attributs de la durée de conservation des arbres tués par le dendroctone du pin ponderosa|h[ressource électronique]|c[par] David S. Harrison. |
| 260 | |aVictoria - Colombie Britannique : |bRessources naturelles Canada. |c2006. |
| 300 | |a4p.|bill. en couleur, tableaux |
| 490 | 1 |aNotes de transfert technologique|vN° 35, novembre 2006 |
| 500 | |aLe n° de catalogue et l'ISSN de l'édition imprimée apparaissent dans cette version électronique. |
| 590 | |a12-41-Supp|b2012-11-07 |
| 720 | 1 |aHarrison, David S. |
| 775 | 08|tMethodology to assess shelf life attributes of mountain pine beetle-killed trees|w(CaOODSP)9.575305 |
| 830 | #0|aNotes de transfert technologique ;|vN° 35, novembre 2006|w(CaOODSP)9.501177 |
| 856 | 40|ahttp://publications.gc.ca|qPDF|s386 Ko|uhttps://publications.gc.ca/collections/collection_2012/rncan-nrcan/Fo29-47-35-2006-fra.pdf|yN° 35, novembre 2006 |